Plan de Recuperación de Cartera para la Ferretería Comercial ubicada en Chinandega Periodo II Semestre 2010, I Semestre 2011

Presenta un plan de recuperación de cartera para la ferretería comercial industrial, es un esfuerzo dirigido a disminuir la cartera de morosos, esto estructurado por un resumen de análisis realizado a la situación actual de la cartera y luego se presenta una propuesta para disminuir ese monto, c...

Full description

Bibliographic Details
Main Authors: Moreno Ponce, Iriabell Adelyjayly, Castillo Dávila, Ricardo José
Other Authors: Tutor: López, Inés Alejandro
Format: Tesis Section = Libro
Language:Undetermined
Spanish
Published: Managua UNI 2010
Subjects:
LEADER 01162nam a2200253Ia 4500
008 240830s9999 xx 000 0 und d
040 |a BIBLIOTECA-RUPAP T.Mon 658.15244 M843 
041 |a spa 
082 |a T.Mon 658.15244 M843 
100 1 |a Moreno Ponce, Iriabell Adelyjayly 
100 1 |b Castillo Dávila, Ricardo José 
245 1 0 |a Plan de Recuperación de Cartera para la Ferretería Comercial ubicada en Chinandega Periodo II Semestre 2010, I Semestre 2011 
260 |a Managua  |b UNI  |c 2010 
300 |a 42 p. :il. 
500 |a Contiene: anexos e Incluye: CD. 
502 |a Tesis (Ingeniero de Sistemas)- UNI, 2010. 
520 3 |a Presenta un plan de recuperación de cartera para la ferretería comercial industrial, es un esfuerzo dirigido a disminuir la cartera de morosos, esto estructurado por un resumen de análisis realizado a la situación actual de la cartera y luego se presenta una propuesta para disminuir ese monto, conclusiones y recomendaciones. 
650 7 |a CUENTAS POR COBRAR 
650 7 |b CREDITO 
650 7 |c COBRO CUENTAS. 
700 1 |a Tutor:  |b López, Inés Alejandro 
942 |c BK  |2 ddc 
991 |a TESIS 
999 |c 18497